000 00264nam a2200109Ia 4500
008 220204s9999 xx 000 0 und d
082 _a929
_bHOO
100 _aHook, Donald D
245 0 _aMadmen of history
260 _aNew York
_bJonathan David
_c1976
942 _cBK
999 _c34220
_d34220